000 00439nam a2200181Ia 4500
001 9867
005 20260306161750.0
008 260306t1987||||xx |||||||||||||| ||spa||
041 _aESP
082 _a808
_bS42
100 _aSerrano Cantarín, Ramón
_eAUT
245 0 _aLa teoría clásica del estilo periódico
260 _c1987
300 _a170 páginas :
_c24 cm.
650 _aGEN
654 _aCHU
942 _cLIB
_dJUS
_fJUS
_2ddc
_n
999 _c9867
_d9867